Corporate Law: (Record no. 613872)
[ view plain ]
| 000 -LEADER | |
|---|---|
| fixed length control field | 00358nam a22001217a 4500 |
| 082 ## - DEWEY DECIMAL CLASSIFICATION NUMBER | |
| Classification number | 346.73 |
| Author Mark | NYA |
| 100 ## - MAIN ENTRY--PERSONAL NAME | |
| Personal name | Nyazee, Imran Ahsan Khan |
| 245 ## - TITLE STATEMENT | |
| Title | Corporate Law: |
| Remainder of title | (Negotiable Instruments and Partnership) / |
| Statement of responsibility, etc. | Imran Ahsan Khan Nyazee |
| 260 ## - PUBLICATION, DISTRIBUTION, ETC. | |
| Place of publication, distribution, etc. | Rawalpindi: |
| Name of publisher, distributor, etc. | Federal Law House, |
| Date of publication, distribution, etc. | 2025. |
| 300 ## - PHYSICAL DESCRIPTION | |
| Extent | 689 p. |
| 563 ## - BINDING INFORMATION | |
| Binding note | H.B. |
| 942 ## - ADDED ENTRY ELEMENTS (KOHA) | |
| Source of classification or shelving scheme | |
| Koha item type | Book |
| Withdrawn status | Lost status | Source of classification or shelving scheme | Damaged status | Not for loan | Permanent Location | Current Location | Date acquired | Total Checkouts | Full call number | Barcode | Checked out | Date last seen | Date last checked out | Price effective from | Koha item type |
|---|---|---|---|---|---|---|---|---|---|---|---|---|---|---|---|
| NUST Law School (NLS) | NUST Law School (NLS) | 06/23/2025 | 2 | 346.73 NYA | NLS-2680 | 08/14/2025 | 07/15/2025 | 07/15/2025 | 06/23/2025 | Book | |||||
| NUST Law School (NLS) | NUST Law School (NLS) | 06/28/2025 | 346.73 NYA | NLS-2681 | 06/28/2025 | 06/28/2025 | Book | ||||||||
| NUST Law School (NLS) | NUST Law School (NLS) | 06/28/2025 | 346.73 NYA | NLS-2682 | 06/28/2025 | 06/28/2025 | Book |
